000 00221 a2200097 4500
001 45259
100 _aHazell W
245 _aUnderstanding aero engines
260 _aLondon
_bEnglish unv press
_c
090 _c28448
_d28448
942 _aNUST-CAE
_cM
_c20500
999 _c280332
_d280332